[Event "Lazne Bohdanec"]
[Site "Lazne Bohdanec"]
[Date "1997.??.??"]
[Round "8"]
[White "Konopka, Michal"]
[Black "Blatny, Pavel"]
[Result "0-1"]
[WhiteElo "2415"]
[BlackElo "2530"]
[Annotator "Hecht,H"]
[PlyCount "118"]
[EventDate "1997.01.??"]
[EventType "tourn"]
[EventRounds "11"]
[EventCountry "CZE"]
[EventCategory "9"]
[SourceTitle "CBM 057"]
[Source "ChessBase"]
[SourceDate "1997.04.01"]
[SourceVersion "1"]
[SourceVersionDate "1997.04.01"]
[SourceQuality "1"]

1. d4 d5 2. Nf3 e6 3. g3 Nd7 4. Bg2 b5 5. O-O Bb7 6. e4 dxe4 7. Ng5 Ngf6 8. Nd2
Rb8 9. Ngxe4 Be7 10. c3 O-O 11. Qe2 Nxe4 12. Nxe4 Bd5 13. b3 Qc8 14. Rd1 Qb7
15. c4 bxc4 16. bxc4 Qa6 17. Bf1 Ba8 18. Bf4 Ba3 19. Rab1 Rxb1 20. Rxb1 c5 21.
dxc5 f5 22. Nd2 e5 23. Bg5 Qc6 24. f3 e4 25. fxe4 Ne5 26. Bg2 Ng4 27. h3 Bxc5+
28. Kh1 Qg6 29. Bf4 Qh5 30. Qf3 g5 31. Rb5 Nf2+ 32. Kg1 Nxh3+ 33. Kf1 g4 34.
Qd3 Nxf4 35. gxf4 fxe4 36. Nxe4 Rxf4+ 37. Ke1 Qe8 38. Rxc5 Bxe4 39. Qe2 Qf8 40.
Rg5+ Bg6 41. c5 Qb8 42. Qe6+ Kg7 43. Qe5+ Qxe5+ 44. Rxe5 Kf6 45. Re3 Rc4 46. c6
Rc1+ 47. Kf2 Rc2+ 48. Re2 Rxe2+ 49. Kxe2 {[#] ein Freibauer ohne Unterstützung
gegen verbundene mit K-Hilfe Raum! ==> leichter Gewinn für Schwarz  Achtung!
Farbe a1 ungleich L-Farbe. L-Opfer vs g+h beachten!} Bf5 50. Kf2 (50. c7 Bc8)
50... h5 51. Kg3 Kg5 52. Bd5 h4+ 53. Kg2 Kf4 54. Kf2 a5 55. a4 (55. a3 h3 56.
Kf1 Ke5 57. Bh1 g3 58. Bf3 Kd6 59. Kg1 Bc2 60. Bh1 Ba4 $19) 55... h3 56. Kf1
Ke5 57. Bh1 Kd6 58. Kf2 Bc2 59. Kg3 Bxa4 0-1

[Event "Olympiad-31"]
[Site "Moscow"]
[Date "1994.12.12"]
[Round "11.2"]
[White "Romanishin, Oleg M"]
[Black "Ulybin, Mikhail"]
[Result "1/2-1/2"]
[WhiteElo "2605"]
[BlackElo "2510"]
[Annotator "Hecht,H"]
[PlyCount "139"]
[EventDate "1994.12.01"]
[EventType "team-swiss"]
[EventRounds "14"]
[EventCountry "RUS"]
[SourceTitle "CBM 045"]
[Source "ChessBase"]
[SourceDate "1995.04.01"]
[SourceVersion "1"]
[SourceVersionDate "1995.04.01"]
[SourceQuality "1"]
[WhiteTeam "Ukraine"]
[BlackTeam "Russia II"]
[WhiteTeamCountry "UKR"]
[BlackTeamCountry "RUS"]

1. d4 e6 2. Nf3 d5 3. g3 c5 4. Bg2 Nf6 5. O-O cxd4 6. Nxd4 e5 7. Nb3 Be6 8. Nc3
Be7 9. f4 exf4 10. gxf4 g6 11. Kh1 O-O 12. Be3 Nc6 13. Nd4 Ng4 14. Nxe6 fxe6
15. Bg1 Nh6 16. e4 dxe4 17. Nxe4 Qc7 18. c3 Nf5 19. Qb3 Nd8 20. Ng5 Bxg5 21.
fxg5 Qe7 22. Rad1 Rf7 23. Qb5 Qxg5 24. Qe5 Qh4 25. Rd3 Qe7 26. Re1 Qc7 27. Qe4
Rc8 28. Red1 b6 29. b4 Re7 30. c4 Nf7 31. c5 b5 32. R3d2 Qe5 33. Qxe5 Nxe5 34.
Re2 Nc4 35. c6 Kf7 36. Bc5 Rec7 37. Rde1 Rxc6 38. Bxc6 Rxc6 39. Bxa7 e5 40. Rd1
Ke6 41. Bc5 Rc8 42. a4 bxa4 43. Rc1 Nfd6 44. Bxd6 Kxd6 45. Rd2+ Ke6 $10 {
Tactics only. It's a fascinating race of passed pawns.} 46. Rd3 g5 47. Ra3 Kd5
48. Rxa4 Rb8 49. Rd1+ Ke6 50. b5 Nb6 51. Ra7 Nd5 52. Ra6+ Nb6 53. Rc1 Kd5 54.
Ra7 h5 55. Rac7 g4 56. Rd1+ Ke4 57. Rc5 Kf5 58. Rf1+ Ke6 59. Re1 Nd5 60. Rd1
Nf4 61. Rc6+ Kf5 62. b6 h4 63. Rb1 g3 64. h3 (64. hxg3 hxg3 65. b7 Rh8+ 66. Kg1
Rh2 67. b8=Q Nh3+ 68. Kf1 g2+ $19) (64. b7 g2+ 65. Kg1 Rg8 66. Kf2 (66. h3
Nxh3+ 67. Kh2 g1=Q+ 68. Rxg1 Nxg1 69. Rc8 Nf3+ $19) 66... Nh3+ 67. Ke3 (67. Kf3
g1=Q (67... g1=N+ 68. Ke3 Rb8 69. Rc8 $18) (67... e4+ 68. Ke3 Rb8 69. Rb5+ Kg4
70. Rg6+ $18) 68. Rxg1 Nxg1+ 69. Kf2 Nh3+ $19) 67... Rb8 $17) 64... Nxh3 65. b7
Nf2+ 66. Kg2 Kf4 67. Rf6+ (67. Rc8 h3+ $19) 67... Kg4 68. Rg6+ Kf4 69. Rf6+ Kg4
70. Rg6+ 1/2-1/2

[Event "Chigorin Memorial 07th"]
[Site "St Petersburg"]
[Date "1999.11.09"]
[Round "8"]
[White "Nikolaev, Nikita"]
[Black "Shchukin, Dmitry"]
[Result "1-0"]
[WhiteElo "2308"]
[BlackElo "2386"]
[Annotator "Hecht,H"]
[PlyCount "85"]
[EventDate "1999.11.02"]
[EventType "swiss"]
[EventRounds "9"]
[EventCountry "RUS"]
[SourceTitle "CBM 074"]
[Source "ChessBase"]
[SourceDate "2000.02.01"]
[SourceVersion "1"]
[SourceVersionDate "2000.02.01"]
[SourceQuality "1"]

1. Nf3 c5 2. g3 Nc6 3. Bg2 d5 4. d4 Nf6 5. O-O Bg4 6. Ne5 Bh5 7. c4 cxd4 8.
Nxc6 bxc6 9. cxd5 cxd5 10. Qxd4 e6 11. Nc3 Be7 12. e4 dxe4 13. Qa4+ Qd7 14.
Qxd7+ Kxd7 15. Nxe4 Nxe4 16. Bxe4 Rac8 17. Be3 f5 18. Bd3 Bc5 19. Ba6 Rc7 20.
Bf4 Bd6 21. Rfd1 Bxd1 22. Rxd1 Rc6 23. Bb5 Kc7 24. Bxc6 Bxf4 25. Bd7 Rd8 26.
gxf4 Rxd7 27. Rxd7+ Kxd7 {[#] Thema: Entfernter Freibauer bzw. Tempospiel} 28.
Kf1 Kd6 29. Ke2 Kd5 30. Kd3 h6 31. h4 g6 32. b4 e5 33. fxe5 g5 (33... Kxe5 34.
a4 g5 35. hxg5 hxg5 36. b5 Kd5 37. a5 Kc5 38. b6 axb6 39. axb6 Kxb6 40. Kd4 f4
41. Ke4 Kc5 42. Kf5 Kd5 43. Kxg5 Ke4 44. Kg4 f3 45. Kg3 Ke5 46. Kxf3 Kf5 $11)
34. f4 gxf4 35. Ke2 Kxe5 36. Kf3 h5 $4 $18 {Entscheidender Tempoverlust!} (
36... Kd5 $1 37. Kxf4 Kc4 38. Kxf5 (38. a3 Kb3 39. Kxf5 Kxa3 40. b5 Kb4 41. Kg6
Kxb5 42. Kxh6 a5 43. h5 a4 44. Kg7 a3 45. h6 a2 46. h7 a1=Q+ $11) 38... Kxb4
39. Kg6 Ka3 40. Kxh6 Kxa2 41. h5 a5 42. Kg5 a4 43. h6 a3 44. h7 Kb1 45. h8=Q a2
$11) 37. a3 (37. a4 $18) (37. b5 $18) 37... Kd4 38. Kxf4 Kc3 39. Kxf5 Kb3 40.
Kg5 Kxa3 41. b5 Kb4 42. Kxh5 Kxb5 43. Kg6 1-0

[Event "EU-chT (Men) 11th"]
[Site "Pula"]
[Date "1997.05.??"]
[Round "6.3"]
[White "Kurajica, Bojan"]
[Black "Sturua, Zurab"]
[Result "1-0"]
[WhiteElo "2545"]
[BlackElo "2560"]
[Annotator "Hecht,H"]
[PlyCount "81"]
[EventDate "1997.05.05"]
[EventType "team-swiss"]
[EventRounds "9"]
[EventCountry "CRO"]
[SourceTitle "CBM 057 Extra"]
[Source "ChessBase"]
[SourceDate "1997.05.01"]
[SourceVersion "1"]
[SourceVersionDate "1997.05.01"]
[SourceQuality "1"]
[WhiteTeam "Bosnia&Herzegovina"]
[BlackTeam "Georgia"]
[WhiteTeamCountry "BIH"]
[BlackTeamCountry "GEO"]

1. d4 Nf6 2. Nf3 g6 3. g3 Bg7 4. Bg2 O-O 5. O-O d5 6. c4 Nc6 7. Nbd2 a5 8. e3
dxc4 9. Nxc4 Be6 10. Qe2 Bd5 11. Bd2 e6 12. Rfc1 Qe7 13. Be1 Rfd8 14. a3 h6 15.
Qc2 Be4 16. Qa4 Bd5 17. Qb5 a4 18. Nfe5 Nd7 19. Nxc6 bxc6 20. Qb7 c5 21. Bxd5
exd5 22. Na5 Qe4 23. Nc6 Rdc8 24. Qb5 cxd4 25. exd4 Nb8 26. Qxd5 Re8 27. Nb4
Bxd4 28. Bc3 Bxc3 29. Rxc3 Na6 30. Qxe4 Rxe4 31. Nd5 Re2 32. Rb1 Rd2 33. Ne3
Rb8 34. Rc6 Rb6 35. Rxb6 cxb6 {[#] Eine Medaille für den taktischen Patzer Zug
39/40. Sonstiger Inhalt: verirrter schwarzes Pferd in der Variante.} 36. Nc4
Rc2 37. Nxb6 Nc5 38. Kg2 Kf8 39. Kf1 {[#] In Erwartung des folgenden Fehlers...
. (Zeitnot!?)} Ke7 40. Nd5+ Kd6 $4 (40... Ke6 41. Ne3 Rd2 42. Ke1 Rd7 (42...
Rxb2 43. Rxb2 Nd3+ 44. Kd2 Nxb2 45. Kc3 $18) (42... Ne4 43. f3 Rd3 44. Nc2 Nd2
45. Ke2 Rd6 46. Rd1 Nc4 47. Rxd6+ Kxd6 48. Ne3 Nxb2 49. Kd2 $18 {[%cal Rd2c3]})
43. Ke2 $16) 41. Ne3 (41. Ne3 Rd2 42. Nc4+) 1-0

[Event "Selfoss Milk Masters 2nd"]
[Site "Selfoss"]
[Date "2003.11.04"]
[Round "6"]
[White "Nikolic, Predrag"]
[Black "Rowson, Jonathan"]
[Result "1/2-1/2"]
[WhiteElo "2647"]
[BlackElo "2541"]
[Annotator "Hecht,H"]
[PlyCount "122"]
[EventDate "2003.10.29"]
[EventType "tourn"]
[EventRounds "9"]
[EventCountry "ISL"]
[EventCategory "15"]
[SourceTitle "CBM 098"]
[Source "ChessBase"]
[SourceDate "2004.02.03"]
[SourceVersion "1"]
[SourceVersionDate "2004.02.03"]
[SourceQuality "1"]

1. d4 Nf6 2. Nf3 g6 3. g3 Bg7 4. Bg2 d5 5. O-O O-O 6. c4 Nc6 7. Nbd2 a5 8. e3
a4 9. Qe2 e6 10. Rd1 b6 11. Rb1 Nb4 12. a3 Nc6 13. Qd3 Bb7 14. Qc2 Qd6 15. Ne1
Rfc8 16. Nd3 Nd7 17. Nf4 Ne7 18. cxd5 Nxd5 19. Ne4 Qe7 20. Nc3 Nxc3 21. bxc3
Bxg2 22. Kxg2 Nf6 23. c4 e5 24. dxe5 Qxe5 25. Bb2 Qe4+ 26. Qxe4 Nxe4 27. f3 Nd6
28. Bxg7 Kxg7 29. Rbc1 Ra5 30. Nd3 Nb7 31. Kf2 Rd8 32. Ke2 Re8 33. Rc3 Kf8 34.
h4 h5 35. Nb4 Rc5 36. Rd5 Rd8 37. Rxd8+ Nxd8 38. Nd3 Rc6 39. Nb2 Nb7 40. Nxa4
Nd6 41. c5 bxc5 42. Nxc5 Ke7 43. a4 Nb7 44. Ne4 Rxc3 45. Nxc3 Kd6 46. Kd3 Kc5
47. Nb5 Kb6 48. Kc4 c6 49. Nd4 Nd6+ 50. Kb3 c5 51. Ne2 Nf5 52. e4 Ne3 53. Kc3
Ka5 54. Kd3 Nf1 55. Kc4 Nd2+ 56. Kxc5 Nxf3 57. Kd6 Kxa4 58. Ke7 g5 59. Kxf7
gxh4 60. gxh4 Nxh4 61. e5 (61. Nd4 Ng2 62. e5 Nf4 63. Ne2 $1 {Die Gemeinheit
in der vorliegenden Stellung besteht darin, dass der e-Bauer mit Schach
einziehen kann, sodass} Nxe2 (63... Nd5 $1 {hält unter Einsatz des h-Bauern
remis.} 64. e6 h4 65. Nf4 (65. Nc3+ Kb3 66. Nxd5 h3 67. e7 h2 68. e8=Q h1=Q 69.
Qb5+ Kc2 $11) 65... Nc7 66. e7 Kb3 67. Ne6 h3 68. Nxc7 h2 69. e8=Q h1=Q $11)
64. e6 Nd4 65. e7 Nf5 {was sonst Remis bringen würde, nicht sticht.}) 61... Nf3
(61... Nf3 62. e6 Ng5+ $11) 1/2-1/2

[Event "GER-ch 73th"]
[Site "Altenkirchen"]
[Date "2001.12.04"]
[Round "5"]
[White "Muranyi, Karl Jasmin"]
[Black "Keilhack, Harald"]
[Result "1-0"]
[WhiteElo "2357"]
[BlackElo "2318"]
[Annotator "Hecht,H"]
[PlyCount "129"]
[EventDate "2001.11.30"]
[EventType "swiss"]
[EventRounds "9"]
[EventCountry "GER"]
[SourceTitle "CBM 087"]
[Source "ChessBase"]
[SourceDate "2002.03.21"]
[SourceVersion "1"]
[SourceVersionDate "2002.03.21"]
[SourceQuality "1"]
[WhiteTeam "Illingen"]
[WhiteTeamCountry "GER"]

1. d4 d5 2. Bf4 g6 3. e3 Bg7 4. Nf3 Nf6 5. h3 c5 6. c3 Nc6 7. Nbd2 O-O 8. Be2
b6 9. Ne5 Nxe5 10. Bxe5 Bb7 11. O-O Nd7 12. Bxg7 Kxg7 13. b4 Qc7 14. bxc5 bxc5
15. Qa4 Rfc8 16. Rfb1 Nb6 17. Qa5 c4 18. Bg4 e6 19. Rb4 Bc6 20. Bd1 Nd7 21.
Qxc7 Rxc7 22. Rab1 Kf8 23. Bc2 Ke7 24. f3 Kd6 25. Kf2 f6 26. e4 e5 27. dxe5+
Nxe5 28. exd5 Bxd5 29. Rd1 Ke7 30. f4 Nd3+ 31. Bxd3 cxd3 32. c4 Be6 33. Ke3 Rd8
34. Rdb1 h5 35. Rb7 Rdd7 36. Rxc7 Rxc7 {[#] Dynamisches Gleichgewicht} 37. Rb4
Bf5 38. Nb3 Kf7 39. Nd4 Re7+ 40. Kd2 Be4 41. g3 g5 42. fxg5 fxg5 43. Rb5 Rc7 (
43... Kf6 $142 {[%csl Ge5,Gf5,Gg5]}) 44. Re5 Bg2 $2 {Läßt den wichtigen Bd3 im
Stich} (44... Bg6 $142 {[%csl Gd3]} 45. c5 Rb7 46. Nb3 Kf6 $11) 45. c5 Bxh3 (
45... h4 46. Rxg5 hxg3 {und der weiße Vorteil ist noch nicht so groß.}) 46.
Rxg5 {Jetzt hingegen gibt es einen klaren Mehrbauern für Weiß.} Bg4 47. Kxd3
Kf6 48. Rd5 Rb7 49. c6 Rb2 50. c7 Rxa2 51. Nf5 Be2+ 52. Kc3 Ba6 53. Rd6+ Kxf5
54. Rxa6 Rxa6 55. c8=Q+ Re6 $18 56. Kd4 Kf6 57. Qc5 Kg6 58. Qxa7 Kg5 59. Qg7+
Rg6 60. Qe5+ Kh6 61. Qf4+ Rg5 62. Ke4 Kg6 63. Qd6+ Kg7 64. Kf4 Rg6 65. Qe5+ 1-0

[Event "Kottnauer Memorial"]
[Site "Prague"]
[Date "1996.??.??"]
[Round "4"]
[White "Zueger, Beat"]
[Black "Blatny, Pavel"]
[Result "0-1"]
[WhiteElo "2465"]
[BlackElo "2515"]
[Annotator "Hecht,H"]
[PlyCount "128"]
[EventDate "1996.06.??"]
[EventType "tourn"]
[EventRounds "10"]
[EventCountry "CSR"]
[EventCategory "12"]
[SourceTitle "CBM 054"]
[Source "ChessBase"]
[SourceDate "1996.10.01"]
[SourceVersion "1"]
[SourceVersionDate "1996.10.01"]
[SourceQuality "1"]

1. Nf3 d5 2. d4 e6 3. g3 c5 4. Bg2 Nd7 5. O-O a6 6. e4 dxe4 7. Ng5 Ndf6 8. dxc5
Qxd1 9. Rxd1 Bxc5 10. Nc3 e3 11. Bxe3 Bxe3 12. fxe3 Rb8 13. Rd3 Ke7 14. Rad1
Nh6 15. h3 Nd7 16. Nce4 Ne5 17. Rc3 Bd7 18. Nc5 Rhc8 19. Nf3 Nxf3+ 20. Bxf3 Bb5
21. a4 Be8 22. a5 Nf5 23. Kf2 Nd6 24. b4 Bb5 25. Ra3 Bc4 26. Rc3 Bb5 27. Ra3 b6
28. axb6 Rxb6 29. c3 Nc4 30. Ra2 e5 31. Be2 Rf6+ 32. Ke1 Nxe3 33. Bxb5 Nxd1 34.
Bxa6 Nxc3 35. Rc2 Rxc5 36. bxc5 Rxa6 37. Rxc3 Rc6 {[%csl Rc5][%cal Ye7e6,Ye6d5]
[#] 2-4 am Königsflügel nach dem Fall der B-Schwäche c5 ab Zug 61 T-T+e-Bauer
bei vertikaler Sperre für den wK, einfache Technik} 38. Ke2 Ke6 39. Ke3 f5 40.
h4 g6 41. Rc1 h5 42. Rc2 Kd5 43. Rd2+ Kxc5 44. Rd8 Rd6 45. Rc8+ Kd5 46. Rg8 Ra6
47. Rd8+ Ke6 48. Rg8 Kf7 49. Rb8 Ra4 50. Rb7+ Kf6 51. Rb6+ Kg7 52. Rb7+ Kh6 53.
Kf3 f4 54. gxf4 Rxf4+ 55. Kg3 Rg4+ 56. Kh3 g5 57. Rb6+ Kg7 58. hxg5 Rxg5 59.
Kh4 Rg6 60. Rb5 Kf6 61. Kxh5 Rg1 $19 {[%cal Yg2g8] [#]} 62. Kh4 Kf5 63. Kh3 Kf4
64. Kh2 Rg8 0-1

[Event "EU-chT (Men) 14th"]
[Site "Plovdiv"]
[Date "2003.10.15"]
[Round "5.4"]
[White "Sulava, Nenad"]
[Black "Brynell, Stellan"]
[Result "0-1"]
[WhiteElo "2472"]
[BlackElo "2462"]
[Annotator "Hecht,H"]
[PlyCount "154"]
[EventDate "2003.10.10"]
[EventType "team-swiss"]
[EventRounds "9"]
[EventCountry "BUL"]
[SourceTitle "CBM 098"]
[Source "ChessBase"]
[SourceDate "2004.02.03"]
[SourceVersion "1"]
[SourceVersionDate "2004.02.03"]
[SourceQuality "1"]
[WhiteTeam "Croatia"]
[BlackTeam "Sweden"]
[WhiteTeamCountry "CRO"]
[BlackTeamCountry "SWE"]

1. d4 d5 2. Nf3 Nc6 3. e3 Bg4 4. Bb5 e6 5. Bxc6+ bxc6 6. c4 Bxf3 7. gxf3 c5 8.
cxd5 exd5 9. Qc2 Qd6 10. dxc5 Qxc5 11. Qa4+ c6 12. Bd2 Nf6 13. Na3 Qb6 14. Rc1
Rc8 15. Nc2 Qxb2 16. Ke2 Qb5+ 17. Qxb5 cxb5 18. Nd4 Rxc1 19. Rxc1 Kd7 20. Nxb5
a6 21. Nd4 Bd6 22. Nf5 Rb8 23. Bc3 Ne8 24. Nxg7 Nxg7 25. Bxg7 Rb4 26. f4 Ra4
27. Rc2 Ke6 28. Bc3 Ra3 29. Bd4 Ra4 30. Kf3 f5 31. Rb2 Rb4 32. Rc2 Rc4 33. Rb2
Rb4 34. Rd2 Ra4 35. Kg3 Be7 36. Rb2 Rb4 37. Rxb4 Bxb4 {[#] Wegen seiner
schlechten Bauernstruktur kann Weiß nicht gewinnen, wie aus der langatmigen
Lavierphase leicht zu ersehen ist.} 38. Kh4 (38. Kf3 Z0 39. Ke2 Z0 40. Kd3 Z0
41. f3 Z0 42. e4 {führt zu nichts, weil Schwarz einfach stehen bleibt bzw. je
nach Bedarf Ld6 oder Lc5 spielt}) 38... Be7+ 39. Kh5 Kf7 40. a4 Bd8 41. Kh6 Kg8
42. f3 Be7 43. Be5 Bd8 44. Kh5 Kf7 45. Bc3 Be7 46. h3 Bd8 47. Be1 Be7 48. Kh6
Kg8 49. Ba5 Bf6 50. Bb6 Be7 51. Ba5 Bf6 52. Be1 Bd8 53. Kh5 Kf7 54. Bh4 Bb6 55.
Bf2 Bd8 56. Be1 Be7 57. Kh6 Kg8 58. h4 Bd8 59. h5 Be7 60. Bc3 Bd8 61. Bd4 Be7
62. Ba7 Bd8 63. Bc5 Bf6 64. Bb6 Be7 65. Bd4 Bd8 66. Bc3 Be7 67. Be5 Bd8 68. Bd4
Be7 69. e4 dxe4 70. fxe4 fxe4 71. f5 {Das ist das äußerste Mittel, um den auf
Patt stehenden König zu befreien. Obwohl ein Gewinn nicht realistisch ist,
spielt Sulava weiter und komponiert mit eisenharter Konsequenz schließlich ein
Hilfsmatt.} Bh4 72. f6 $2 Kf7 73. Kxh7 Bg5 74. h6 (74. Bf2 Bd2 75. Bh4 e3 76.
Bg5 a5 77. h6 Bc1 78. Bh4 Ba3 79. Bg3 Bb4 80. Kh8 e2 81. Kh7 e1=Q 82. Bxe1 Bxe1
83. Kh8 Bd2 84. h7 Kf8 85. f7 Bc3# {ist eine ähnliche Verlustvariante}) 74...
Bd2 75. Kh8 (75. Be5 e3 76. Bf4 a5 77. Bg5 Bc1 78. Bh4 Ba3 $19 {siehe oben})
75... e3 76. h7 e2 77. Bf2 Bc3 {Auf 78.Lh4 geht sogar das Satyrspiel e1L} (
77... Bc3 78. Bh4 e1=B 79. a5 Bf2 80. Bg5 Bfd4) 0-1

[Event "Debica Igloopol"]
[Site "Debica"]
[Date "1987.05.17"]
[Round "1"]
[White "Hesse, Peter"]
[Black "Mohr, Stefan"]
[Result "1-0"]
[WhiteElo "2375"]
[BlackElo "2340"]
[Annotator "Hesse,P"]
[PlyCount "79"]
[EventDate "1987.05.17"]
[EventType "tourn"]
[EventRounds "13"]
[EventCountry "POL"]
[SourceTitle "EXT 2005"]
[Source "ChessBase"]
[SourceDate "2004.11.15"]
[SourceVersion "1"]
[SourceVersionDate "2004.11.15"]
[SourceQuality "1"]

1. d4 d5 2. Nf3 Nc6 3. Bf4 Bg4 4. e3 e6 5. Nbd2 Bd6 6. Bg3 Nf6 7. Be2 O-O 8. c3
Rb8 9. Ne5 Bxe2 10. Qxe2 Bxe5 11. dxe5 Nd7 12. f4 f5 13. h4 Qe8 14. h5 Nd8 15.
O-O-O b5 16. Bh4 Nf7 17. g4 fxg4 18. Qxg4 Nh6 19. Qe2 Nc5 20. Rdg1 Kh8 21. Bg5
Ng8 22. h6 g6 23. e4 Qc6 24. exd5 Qxd5 25. Kb1 Nd3 26. Qe3 c5 27. Ne4 c4 28.
Nd6 Rb6 29. a3 Qc5 30. Qxc5 Nxc5 31. Rd1 a6 32. Rhf1 Rc6 33. Kc2 Rc7 34. Rd4
Ne7 35. Rfd1 Nd5 36. f5 $1 Nb3 ({Die Idee ist:} 36... gxf5 37. Rxd5 exd5 38.
Bf6+ Rxf6 39. exf6 Kg8 40. Rg1+ Kf8 41. f7 Rxf7 42. Nxf7 Kxf7 43. Rg7+ Kf8 44.
Rxh7 {mit Gewinnstellung}) 37. Rxd5 exd5 38. e6 Ra8 $138 39. f6 Rc6 40. f7 1-0

[Event "Texas Collegiate Super Finals"]
[Site "Richardson"]
[Date "2016.10.24"]
[Round "4"]
[White "Hevia Alejano, Carlos Antonio"]
[Black "Nakar, Eylon"]
[Result "1-0"]
[WhiteElo "2496"]
[BlackElo "2481"]
[Annotator "Hevia,C"]
[PlyCount "71"]
[EventDate "2016.10.22"]
[EventType "team-swiss"]
[EventRounds "4"]
[EventCountry "USA"]
[SourceTitle "CBM 176"]
[Source "ChessBase"]
[SourceDate "2017.01.17"]
[SourceVersion "1"]
[SourceVersionDate "2017.01.17"]
[SourceQuality "1"]

1. d4 Nf6 2. Nf3 d5 3. Bf4 {I didn't have time to prepare against my opponent
so I decided to play the London System, which doesn't require too much theory.
Also I had already had some experience playing it in blitz. I was following a
recent game of Kamsky against Zherebukh.} c5 4. c3 Nc6 5. e3 {I played all
opening moves quickly, although right now I was worried about my opponent's
response. I was only familiar with the positions arising after ...e6. Luckily
for me, that was the next move.} e6 {My opponent played this after a long
period of thought.} (5... Qb6 {That was the move I was worried about.} 6. Qc2 {
is probably the best move avoiding ...Bf5} (6. Qc1 {is another move to be
considered, but it is too passive and Black should equalise without problems.}
Bf5 7. Be2 e6) (6. Qb3 {after} c4 7. Qxb6 axb6 {The position is usually
uncomfortable for White, if the immediate threat b5-b4 cannot be stopped.
Black's light-squared bishop is really annoying. White doesn't have enough
time to develop his queenside and play a3, so after} 8. Na3 {I thought Black
was ok playing ...Bf5 or even ...e5 9.Nb5 Ra5. There was an even stronger
continuation:} Na7 $142 {This is the engine's main move} 9. Nd2 {(with the
idea of playing e4)} Bf5 10. f3 e6 {and Black is already fine, if not better.}
11. Naxc4 dxc4 12. e4 Bg6 13. Nxc4 Nd7 $15) 6... g6 (6... Bf5 $2 7. dxc5) (6...
cxd4 7. exd4 Bf5 8. Qb3 $14 {White can play with a small advantage on the
queenside.}) 7. h3 Bg7 8. Nbd2 {with a different game.}) 6. Nbd2 Bd6 7. Bg3 O-O
8. Bd3 b6 9. Qe2 Bb7 10. Rd1 {This was the position I was aiming for. White
has intentionally delayed castling, so if Black were to allowed it, aggressive
actions could be taken against Black's king.} Qc7 $6 {This was a waste of time
and a really bad square for the queen.} (10... Rc8 {was necessary, to be
prepared against e4, as then White would always need to be careful with ...Nb4.
} 11. e4 Be7 12. e5 Nh5 {It's a well-known line, Black should be ok.}) 11. e4
Nd7 12. e5 {Now the position is very dangerous for Black because of the
insecurity of his king and the lack of counterplay.} (12. Bxd6 Qxd6 13. e5 Qe7
14. O-O cxd4 15. cxd4 Nb4 {and Black is ok after ...Nxd3-...a5-...Ba6.}) 12...
Be7 13. h4 {Threatening Bxh7.} h6 (13... cxd4 14. Bxh7+) 14. a3 {A
prophylactic move to avoid ...Nb4. Black's position is very uncomfortable.
White's plan is to play Bf4-Qe3 or even Bf4-g4-g5 in some lines, also the rook
can join the attack via h3. Perhaps ...Qc8 with the idea of playing ...f6, and
...a5-...Ba6 was necessary, but still White would have a strong attack.} cxd4 (
14... Qc8 15. Bf4 a5 16. Qe3 Ba6 17. Bb1 f6 18. Bxh6 $40) 15. cxd4 b5 $6 {
Black wants to create some counterplay on the queenside and to find good
squares for his pieces. Although this move is too slow, it is difficult to
suggest better moves for Black.} 16. Bf4 {The pawn could have been taken, but
I thought that sticking to my original plan would assure me of more of an
advantage.} (16. Bxb5 Rfc8 17. O-O Qb6 18. Nb1 a6 19. Bd3 $16) 16... Qb6 17.
Qe3 {Threatening Bxh6.} f6 (17... b4 18. Bxh6 Ba6 19. Bg5 $16) 18. exf6 Rxf6
19. Bg5 $1 $16 Raf8 $5 {Black sacrifices an exchange to stop White's attack.} (
19... e5 20. Bxf6 Bxf6 21. Bf5 exd4 22. Qe6+ Kf8 23. O-O (23. Qxd7 $4 Rd8 $17)
23... Re8 24. Qd6+ (24. Qxd7 Nb8 25. Qxe8+ Kxe8 26. Rfe1+ $16) 24... Ne7 25.
Qf4 $1 $18) (19... hxg5 20. hxg5 Rf7 21. Ne5 Ndxe5 22. Rh8+ $1 Kxh8 23. Qh3+
Kg8 24. Qh7+ Kf8 25. Qh8#) 20. Bxf6 Rxf6 21. O-O a5 22. Rc1 (22. Rfe1 {was a
logical move, maintaining the advantage.} Bd6 (22... e5 23. Bb1 $1 e4 24. Nxe4
dxe4 25. Qxe4 $18) 23. Bf1 e5 24. Qb3 $18) (22. g4 $5 {That engine's move was
really strong. To stop the attack Black would have to play} e5 {but after} 23.
dxe5 Qxe3 24. fxe3 Ndxe5 25. g5 {an easily winning endgame for White would
arise.}) 22... Bd6 23. Rc2 $2 {That mistake gave chances to Black. Be2 or g3
were necessary to prepare against ...Bf4.} b4 $6 {My opponent was running out
of time and decided to go for a pawn, instead of activating his pieces.} (23...
Bf4 24. Qe2 Nxd4 25. Nxd4 Qxd4 26. Nf3 Qb6 27. Bxb5 Nc5 28. Re1 Ne4 $16 {
Although White's position would remain better, Black's chances for a
successful defence would increase.}) 24. g3 $1 bxa3 25. bxa3 Bxa3 26. Bh7+ $1
Kxh7 27. Qd3+ Kg8 28. Qxa3 {Without the dark-squared bishop Black's position
is very weak. White's pieces have excellent coordination for an attack on the
queenside.} Nb4 (28... Nxd4 29. Nxd4 Qxd4 30. Qd6 Nf8 31. Rc7 Qxd2 32. Qe7 $1
$18) 29. Rc3 Nb8 30. Nb3 N8c6 31. Rb1 $1 $18 {Black's pieces are hanging on
the queenside.} e5 $6 (31... Ba6 32. Nxa5 Nxd4 33. Rxb4 Nxf3+ 34. Rxf3 Rxf3 35.
Rxb6 Rxa3 36. Rxa6 d4 37. Kf1 $18) 32. Nxa5 exd4 33. Rxc6 Bxc6 34. Rxb4 Rxf3
35. Rxb6 Rxa3 36. Nxc6 1-0